Boy (Relatos de infancia) (Registro nro. 27478)

Detalles MARC
000 -CABECERA
Longitud fija campo de control 00591nam a2200205 a 4500
003 - • IDENTIFICADOR DELl NÚMERO DE CONTROL
Identificador del número de control CO-ViMGA
008 - • CÓDIGOS DE INFORMACIÓN DE LONGITUD FIJA
Códigos de información de longitud fija 141112s2004 ck r 000 u spa d
020 ## - • NÚMERO INTERNACIONAL NORMALIZADO PARA LIBROS
Número Internacional Normalizado para Libros (ISBN) 8420445479
040 ## - FUENTE DE LA CATALOGACIÓN
Centro catalogador de origen CO-ViMGA
Lengua de catalogación spa
Centro transcriptor CO-ViMGA
082 04 - • NÚMERO DE LA CLASIFICACIÓN DECIMAL DEWEY
Número de clasificación (R) DAHb
100 1# - • PUNTO DE ACCESO PRINCIPAL-NOMBRE DE PERSONA
Nombre de persona Dahl, Roald
245 10 - • TITULO PROPIAMENTE DICHO
Título Boy (Relatos de infancia)
300 ## - • DESCRIPCIÓN FÍSICA
Extensión 190.p.
490 ## - • MENCIÓN DE SERIE
Mención de serie serie roja
590 ## - NOTAS LOCALES
Nota local Forma de adquisición : Premio - Mincultura; compra 2005 - - Precio :
-- 0.250 Ej.1
650 14 - • PUNTO DE ACCESO ADICIONAL DE MATERIA - TÉRMINO DE MATERIA
Término de materia o nombre geográfico como elemento inicial CUENTOS INFANTILES INGLESES
942 ## - ENTRADA DE ELEMENTOS AGREGADOS (KOHA)
Fuente de clasificaión o esquema Dewey Decimal Classification
Koha [por defecto] tipo de item LIbro
Existencias
Perdido Fuente de clasificación o esquema Estado Físico No para préstamo Forma de adquisición Localización permanente Localización actual Fecha adquisición Préstamos totales Signatura completa Código de barras Fecha última consulta Fecha último préstamo Fecha del precio de reemplazo Tipo de item de Koha Número de registro Número de copia
  Dewey Decimal Classification     Sala Infantil Segundo Piso Biblioteca Pública Germán Arciniegas - Villavicencio Biblioteca Pública Germán Arciniegas - Villavicencio 08/30/2017 2 ROAbo 49900 10/05/2022 10/03/2022 08/30/2017 LIbro    
  Dewey Decimal Classification       Biblioteca Pública Vistahermosa Biblioteca Pública Vistahermosa 05/31/2025   DAHb VIST 0002265 05/31/2025   05/31/2025 LIbro N DAH1 EJ.1 Ej.1









Instituto Departamental de Cultura del Meta - Red Departamental de Bibliotecas Públicas del Meta.